Predpoklady včlenenia informačného zabezpečenia miestnej samosprávy do elektronického prostredia verejnej správy v rámci SR a Európskej únie dizertačná práca
Salvato in:
| Autore principale: | |
|---|---|
| Ente Autore: | |
| Altri autori: | |
| Natura: | Libro |
| Lingua: | slovacco |
| Pubblicazione: |
Bratislava
2010
|
| Soggetti: | |
| Tags: |
Nessun Tag, puoi essere il primo ad aggiungerne!!
|
MARC
| LEADER | 00000nam$a2200000$$$4500 | ||
|---|---|---|---|
| 001 | 0113714 | ||
| 005 | 20240502072250.4 | ||
| 041 | 0 | |a slo | |
| 044 | |a SK | ||
| 245 | 1 | 0 | |a Predpoklady včlenenia informačného zabezpečenia miestnej samosprávy do elektronického prostredia verejnej správy v rámci SR a Európskej únie |b dizertačná práca |c Igor Bandurič ; škol. Anna Kvietková |
| 264 | 1 | |a Bratislava |c 2010 | |
| 300 | |a 132 s. | ||
| 610 | 2 | 0 | |a samospráva miestna |
| 610 | 2 | 0 | |a správa verejná |
| 610 | 2 | 0 | |a správa verejná elektronická |
| 610 | 2 | 0 | |a zabezpečenie informačné |
| 610 | 2 | 0 | |a Slovensko |
| 610 | 2 | 0 | |a Európska únia |
| 100 | 1 | |a Bandurič, Igor, 1980- | |
| 700 | 1 | |a Kvietková, Anna | |
| 710 | 2 | |a Ekonomická univerzita v Bratislave. Fakulta hospodárskej informatiky | |